Score 0/19 Timer 02:00
1 Play Today
Hint Missing Word % Correct
George W. _____Bush
97.4%
George of the _____Jungle
97.2%
George _____Washington
96.3%
George _____Clooney
89.1%
George _____Harrison
84.5%
George _____Lucas
83.8%
_____ George Curious
81.3%
George _____Orwell
77.5%
George _____ GrillForeman
76%
George VI of the United ____Kingdom
74.5%
Hint Missing Word % Correct
_____ GeorgeBoy
66.3%
George _____ Shaw Bernard
59.7%
George _____Weasley
57.9%
George _____Patton or Marshall
51.9%
George _____Costanza or Steinbrenner
50.7%
George _____Carlin
48.2%
George _____Gershwin
44.6%
George _____Strait
42.9%
George _____Burns
35.4%

Today's Daily Dose

Remove Ads.
Support Sporcle.
Get the best of Sporcle when you Go Orange. This ad-free experience offers more features, more stats, and more fun while also helping to support Sporcle. Thank you for becoming a member.

You're not logged in!

Compare scores with friends on all Sporcle quizzes.
OR
Log In

Show Comments

Extras

Top Quizzes Today


Score Distribution

Your Account Isn't Verified!

In order to create a playlist on Sporcle, you need to verify the email address you used during registration. Go to your Sporcle Settings to finish the process.

Report this User

Report this user for behavior that violates our Community Guidelines.

Details: